Sức khỏe sinh sản và quan hệ tình dục hài hòa

Cuốn sách do Lương y Vũ Quốc Trung biên soạn. Nội dung cung cấp những kiến tứhc tối thiểu cũng như những kinh nghiệm ở góc nhìn của y học hiện đại và y học cổ truyền về lĩnh vực này.

Đã lưu trong:
Bibliografiske detaljer
Format: Bog
Sprog:Undetermined
Udgivet: Hà Nội Thanh Niên 2008
Fag:
Tags: Tilføj Tag
Ingen Tags, Vær først til at tagge denne postø!
Thư viện lưu trữ: Trung tâm Học liệu Trường Đại học Cần Thơ
LEADER 00903nam a2200193Ia 4500
001 CTU_142414
008 210402s9999 xx 000 0 und d
020 |c 30000 
082 |a 613.952 
082 |b S552 
245 0 |a Sức khỏe sinh sản và quan hệ tình dục hài hòa 
245 0 |c Vũ Quốc Trung biên soạn 
260 |a Hà Nội 
260 |b Thanh Niên 
260 |c 2008 
520 |a Cuốn sách do Lương y Vũ Quốc Trung biên soạn. Nội dung cung cấp những kiến tứhc tối thiểu cũng như những kinh nghiệm ở góc nhìn của y học hiện đại và y học cổ truyền về lĩnh vực này. 
650 |a Sex hygiene,Sex instruction,Kiến thức tình dục,Vệ sinh giới tính 
904 |i Trọng Hiếu 
980 |a Trung tâm Học liệu Trường Đại học Cần Thơ